000 00795nas a2200265 4500
001 BR7804217
003 BR-BrBNA
005 20231205083510.0
007 ta
008 230509b bl.|||p| |||| 00| 00por d
040 _aBR-BrBNA
_bpor
_cBiblioteca Nacional de Agricultura
041 _a(Pt)
072 _aF27
100 1 _aSilveira, G.M. da
100 1 _aGrohmann, F.
100 1 _aKurachi, S.A.H.
100 1 _aFujiwara, M.
245 1 _aInfluencia do sistema de cultivo na estrutura do solo em cafezal [Cafe; Coffea arabica]
650 _aCultivo do solo
650 _aCafe
650 _aEstrutura do solo
773 0 _tAgronomico (Brazil)
_xISSN 0365-2726
_g(Jan/Dec 1977/1978), v. 29/30 p. 149-157
_wBR7804217
909 _a202311
_bLúcia
_c55
_dLúcia Elande
942 _2AGRIS
_n0
_cANA
999 _c99217
_d99217